| 000 | 00000nam 2200000zi 4500 |
| 001 | 9.895044 |
| 003 | CaOODSP |
| 005 | 20250903101551 |
| 006 | m o d f |
| 007 | cr cn||||||||| |
| 008 | 210105t20212021quca o f100 0 fre d |
| 020 | |a9780660370491 |
| 040 | |aCaOODSP|bfre|erda|cCaOODSP |
| 043 | |an-cn--- |
| 086 | 1 |aEn4-296/2019F-PDF |
| 111 | 2 |aForum bisannuel du RCBA |n(5e : |d2019 : |cYellowknife, T.N.-O.) |
| 245 | 10|aRéseau canadien de biosurveillance aquatique : |b5e Forum bisannuel du RCBA : compte rendu du forum : les 23 et 24 octobre 2019, Yellowknife, Territoires du Nord-Ouest. |
| 264 | 1|aGatineau (Québec) : |bEnvironnement et changement climatique Canada = Environment and Climate Change Canada, |c[2021] |
| 264 | 4|c©2021 |
| 300 | |a1 ressource en ligne (27 pages) : |billustrations en couleur |
| 336 | |atexte|btxt|2rdacontent/fre |
| 337 | |ainformatique|bc|2rdamedia/fre |
| 338 | |aressource en ligne|bcr|2rdacarrier/fre |
| 500 | |aPublié aussi en anglais sous le titre : Canadian Aquatic Biomonitoring Network: 5th Biennial CABIN Forum: forum proceedings: October 23-24, 2019, Yellowknife, Northwest Territories. |
| 650 | 6|aÉcologie d'eau douce|zCanada|vCongrès. |
| 650 | 6|aSurveillance biologique|zCanada|vCongrès. |
| 655 | 7|aActes de congrès|2rvmgf |
| 710 | 1 |aCanada. |bEnvironnement et changement climatique Canada, |eorganisme de publication. |
| 710 | 2 |aRéseau canadien de biosurveillance aquatique, |eorganisme de publication. |
| 775 | 08|tCanadian Aquatic Biomonitoring Network : |w(CaOODSP)9.895042 |
| 856 | 40|qPDF|s1.52 Mo|uhttps://publications.gc.ca/collections/collection_2021/eccc/En4-296-2019-fra.pdf |